[Event "CZE-ch Juniors op-B"]
[Site "Zlate Hory"]
[Date "2006.03.16"]
[Round "7"]
[White "Kucian, Jaromir"]
[Black "Kaluzny, Michal"]
[Result "1-0"]
[WhiteElo "1665"]
[BlackElo "1559"]
[PlyCount "102"]
[EventDate "2006.03.11"]
[EventType "swiss"]
[EventRounds "9"]
[EventCountry "CZE"]
[SourceTitle "EXT 2008"]
[Source "ChessBase"]
[SourceDate "2007.11.25"]
[SourceVersion "1"]
[SourceVersionDate "2007.11.25"]
[SourceQuality "1"]

1. e4 c5 2. Nf3 d6 3. Bc4 Nf6 4. Nc3 Nc6 5. 0-0 a6 6. Re1 b5 7. Bd5 Bd7 8. d3 Rc8 9. a3 e6 10. Ba2 Be7 11. Bf4 Nd4 12. e5 Nxf3+ 13. Qxf3 Bc6 14. Qg3 Nh5 15. Qe3 Nxf4 16. Qxf4 d5 17. Rad1 Bg5 18. Qg3 Kd7 19. Ne2 g6 20. d4 cxd4 21. Nxd4 Bh4 22. Qe3 Qg5 23. f4 Qg4 24. Rf1 Bb7 25. Rd3 Be7 26. b4 Rc7 27. Bb3 Rhc8 28. Rf3 g5 29. f5 Qe4 30. fxe6+ fxe6 31. Rh3 Qxe3+ 32. Rdxe3 Rh8 33. Rh6 a5 34. c3 axb4 35. axb4 Rhc8 36. Ne2 Rh8 37. Reh3 Kc8 38. Rxe6 Rg8 39. Rxh7 Bc5+ 40. bxc5 Rxh7 41. c6 Ba6 42. Nd4 Rf8 43. h3 Rg7 44. Bxd5 Rd8 45. Bf3 b4 46. c7 Kxc7 47. Rxa6 bxc3 48. Ne6+ Kd7 49. Nxd8 Kxd8 50. Rc6 Rc7 51. Rxc7 Kxc7 1-0

[Event "CZE-ch Juniors op-B"]
[Site "Zlate Hory"]
[Date "2006.03.13"]
[Round "3"]
[White "Kucian, Jaromir"]
[Black "Hornicek, Jan"]
[Result "1-0"]
[WhiteElo "1665"]
[BlackElo "1416"]
[PlyCount "109"]
[EventDate "2006.03.11"]
[EventType "swiss"]
[EventRounds "9"]
[EventCountry "CZE"]
[SourceTitle "EXT 2008"]
[Source "ChessBase"]
[SourceDate "2007.11.25"]
[SourceVersion "1"]
[SourceVersionDate "2007.11.25"]
[SourceQuality "1"]

1. e4 d5 2. exd5 Nf6 3. d4 Nxd5 4. c4 Nb6 5. Nf3 Bg4 6. Be3 e6 7. Be2 Bb4+ 8. Nc3 Qe7 9. a3 Bxc3+ 10. bxc3 Nc6 11. Nd2 Bxe2 12. Qxe2 0-0 13. 0-0 Rfe8 14. Rfd1 Na4 15. Rdc1 Rad8 16. Qd1 Nb6 17. Qb3 e5 18. d5 Na5 19. Qb5 Naxc4 20. Nxc4 Rxd5 21. Qb3 Qd7 22. Nxb6 axb6 23. Rd1 Rd8 24. Rxd5 Qxd5 25. Qxd5 Rxd5 26. Kf1 f5 27. g3 e4 28. Ke2 g6 29. Rd1 Rxd1 30. Kxd1 b5 31. Kc2 Kf7 32. Kb3 Ke6 33. Kb4 Kd5 34. Kxb5 c6+ 35. Kb4 b5 36. Bd4 Kd6 37. Ka5 h5 38. Be3 Kc7 39. Ka6 Kd6 40. Kb6 Kd5 41. Kc7 c5 42. Kb6 Kc4 43. Bxc5 g5 44. Be3 g4 45. Kc6 Kxc3 46. Kxb5 Kd3 47. a4 Ke2 48. a5 Kf1 49. a6 Kg2 50. a7 Kxh2 51. a8Q Kh3 52. Qh8 Kg2 53. Qxh5 f4 54. gxf4 Kf3 55. f5 1-0